000 00547nam a2200193Ii 4500
003 JO-AjNU
008 230606s9999||||xx |||||||||||||| ||und||
040 _aJO-AjNU
_beng
_erda
_cJO-AjNU
041 _aeng
050 1 4 _aPN6112.B48 1962
100 3 _aBlock , Haskell.M/Robert G. Shedd,
_eauthor
_95423
245 0 0 _aMaster of modern Drama
264 3 1 _aNew York: Random Houes ,1962
300 _a1198p
336 _atext
_btxt
_2rdacontent
337 _aunmediated
_bn
_2rdamedia
338 _avolume
_bnc
_2rdacarrier
650 4 _aDrama
_95424
999 _aE2800
_c2798
_d2798